banner-ar

اللباس والذينة فى العالم العربى دراسة موثقة بالصور مع 300 مرجع حول الموضوع / (Record no. 51934)

MARC details
000 -الفاتح
حقل البيانات ثابتة الطول 00777nam a2200229Ia 4500
008 - عناصر البيانات ثابتة الطول - معلومات عامة
حقل البيانات ثابتة الطول 140319s9999 xx 000 0 ara d
040 ## - مصدر الفهرسة
وكالة الفهرسة الأصلية GCL /
وكالة النسخ GCL
082 04 - رقم تصنيف ديوى العشرى
رقم التصنيف 391.00553
رقم المادة ب ل
100 1# - المدخل الرئيسى - إسم شخصى
الإسم الشخصى بينوك، ا
245 10 - بيان العنوان
العنوان اللباس والذينة فى العالم العربى دراسة موثقة بالصور مع 300 مرجع حول الموضوع /
بيان المسئوليه,etc بينوك، ا
700 1# - المدخل الاضافى - اسم شخصى
الإسم الشخصى ن.، بوعجينة
700 1# - المدخل الاضافى - اسم شخصى
الإسم الشخصى ج، بوحلفاية
300 ## - الوصف المادى
التعداد 78 ص
490 ## - بيان السلسلة
عنوان السلسلة الهيئة العامة للاستعلامات
رقم المجلد/ التعيين التسلسلي 0
650 04 - المدخل الاضافى بالموضوع-مصطلح موضوعى
مصطلح موضوعي العادات والتقاليد
650 04 - المدخل الاضافى بالموضوع-مصطلح موضوعى
مصطلح موضوعي الملابس
650 04 - المدخل الاضافى بالموضوع-مصطلح موضوعى
مصطلح موضوعي الموضة
650 04 - المدخل الاضافى بالموضوع-مصطلح موضوعى
مصطلح موضوعي الملابس - اختيار
650 04 - المدخل الاضافى بالموضوع-مصطلح موضوعى
مصطلح موضوعي ارتداء الملابس
942 ## - عناصر المدخل الإضافي( كوها)
مصدر التصنيف او مخطط الترفيف Dewey Decimal Classification
Koha [default] item type كتاب
Holdings
حالة التراجع حالة الفقد حالة تلف ليس للاعارة المكان المؤقت الموقع الحالى تاريخ الاكتساب اجمالي اﻻعارات رقم الطلب الباركود تاريخ اخر مشاهدة تاريخ تفعيل السعر نوع وعاء كوها
        مكتبة القاهرة الكبرى مكتبة القاهرة الكبرى 03/26/2014   391.00553\ب ل 124280 03/26/2014 03/26/2014 كتاب
        مكتبة القاهرة الكبرى مكتبة القاهرة الكبرى 03/26/2014   391.00553\ب ل 124281 03/26/2014 03/26/2014 كتاب

Powered By

EGPV